| 000 | 01065cab a2200277 4500 | ||
|---|---|---|---|
| 001 | ABS46962 | ||
| 008 | 090401t1992 xxu||||| |||| 00| 0 eng d | ||
| 035 | _a(Sirsi) u60221 | ||
| 041 | _aeng | ||
| 245 | _aFiesta Girl of London Ltd v Network Agencies | ||
| 260 | _c1992 | ||
| 350 | _a0 | ||
| 490 |
_aEstates Gazette _v(1992) 32 EG 55-58 (4) |
||
| 520 | _aChD 7 May 1992. It was held that a petition for winding up the applicant company under the Insolvency Act 1986 could be presented in spite of part of the payment demanded in a statutory demand was bona fide disputed. The dispute concerned estate agent`s fees and the court had to determine whether Estate Agents Act 1979 s18 had been satisfied. | ||
| 650 | _aCOMMISSION | ||
| 650 | _aESTATE AGENTS ACT 1979 S18 | ||
| 650 | _aESTATE AGENTS | ||
| 650 | _aFEES | ||
| 650 | _aINSOLVENCY ACT 1986 | ||
| 650 |
_aInsolvency _96247 |
||
| 650 | _aPETITION TO WIND UP COMPANY | ||
| 690 | _aLAW | ||
| 690 | _aMANAGEMENT-BUSINESS MANAGEMENT-PROFESSIONAL PRACTICE | ||
| 942 | _n0 | ||
| 948 | _c04/03/1997 | ||
| 999 |
_c37102 _d37102 |
||